000
00246nam a2200109Ia 4500
100
_a
Lucas/Henry/C
942
_c
#NAME?
245
_a
Information System concept for Management
260
_b
Mc Graw Hill
_a
New York
082
_a
658
300
_a
571
999
_c
32133
_d
32133